| 000 | 00737nam a2200229Ia 4500 | ||
|---|---|---|---|
| 003 | GCL | ||
| 005 | 20240530095329.0 | ||
| 008 | 140319s9999 xx 000 0 ara d | ||
| 040 |
_aGCL / _cGCL |
||
| 082 | 0 | 4 |
_a364.174 _bع ق |
| 100 | 1 | _aعبدالله كمال | |
| 245 | 1 | 0 |
_aالقوادون والسياسة : _bتاريخ البغاء فى نصف قرن / _cعبدالله كمال |
| 250 | _aط1 | ||
| 260 |
_aالقاهرة : _bدار الخيال ، _c1998 |
||
| 300 |
_a235 ص ؛ _c24 سم |
||
| 650 | 0 | 4 | _aالجرائم الجنسية |
| 650 | 0 | 4 | _aالبغاء |
| 650 | 0 | 4 | _aالفساد الاجتماعى |
| 650 | 0 | 4 | _aمكافحة البغاء |
| 650 | 0 | 4 | _aجرائم ضد الانسانية |
| 942 |
_2ddc _cBK |
||
| 999 |
_c6216 _d6216 |
||